UK motorways worst in Europe (Record no. 118325)

MARC details
000 -LEADER
fixed length control field 01165cam a2200217 4500
001 - CONTROL NUMBER
control field WB@3612-855
008 - FIXED-LENGTH DATA ELEMENTS--GENERAL INFORMATION
fixed length control field 041117n2004 000 0 eng u
035 ## - SYSTEM CONTROL NUMBER
System control number (Sirsi) u128019
245 ## - TITLE STATEMENT
Title UK motorways worst in Europe
260 ## - PUBLICATION, DISTRIBUTION, ETC.
Date of publication, distribution, etc. 2004
490 ## - SERIES STATEMENT
Series statement Planning (for the Natural and Built Environment)
Volume/sequential designation 12 November 2004, 6(1)
520 ## - SUMMARY, ETC.
Summary, etc. "Road fact file 2004" has been published by the Road Users Alliance. It states that the UK's network is 14th in a European league table of 15, based on a comparison between motorway length and gross domestic products. Motorways account for nearly 20% of all traffic but represent less than 1% of the UK's total road length. The report calculates that UK motorists pay £42.2bn a year in tax and inject an extra £75.2bn into the economy through vehicle purchase, fuel and basic running costs. Yet just £6.7bn was spent on roads infrastructure in 2003. The report can be found at: http://www.rua.org.uk/.
590 ## - LOCAL NOTE (RLIN)
Local note WB
590 ## - LOCAL NOTE (RLIN)
Local note WB
650 ## - SUBJECT ADDED ENTRY--TOPICAL TERM
Topical term or geographic name entry element PUBLIC TRANSPORT
650 ## - SUBJECT ADDED ENTRY--TOPICAL TERM
Topical term or geographic name entry element ROADS
650 ## - SUBJECT ADDED ENTRY--TOPICAL TERM
Topical term or geographic name entry element Infrastructure
9 (RLIN) 6246
650 ## - SUBJECT ADDED ENTRY--TOPICAL TERM
Topical term or geographic name entry element ROAD BUILDING
690 ## - LOCAL SUBJECT ADDED ENTRY--TOPICAL TERM (OCLC, RLIN)
Topical term or geographic name as entry element TRANSPORT AND COMMUNICATIONS
942 ## - ADDED ENTRY ELEMENTS (KOHA)
Suppress in OPAC 0
Holdings
Withdrawn status Lost status Source of classification or shelving scheme Damaged status Not for loan Home library Current library Shelving location Date acquired Total Checkouts Full call number Barcode Date last seen Copy number Price effective from Koha item type
    Dewey Decimal Classification     London London News article 17/11/2004   WB4044-23 128019-1001 06/08/2019 1 06/08/2019 News article